[Event "International Championship of Central Se"]
[Site "Paracin, hotel "]
[Date "2012.07.10"]
[Round "5.30"]
[White "Miskovic, Lazar"]
[Black "Cvetic, Milan"]
[Result "1-0"]
[WhiteElo "1629"]
[BlackElo "2063"]
[PlyCount "50"]
[EventDate "2012.07.06"]

1. e4 e5 2. Nf3 Nc6 3. d4 exd4 4. Nxd4 Qh4 5. Nc3 Bb4 6. Be3 Nf6 7. Nxc6 bxc6
8. e5 Ng4 9. Qd4 Be7 10. Be2 Nxe3 11. Qxe3 O-O 12. Qg3 Qh6 13. O-O d5 14. f4 f6
15. exf6 Rxf6 16. Bd3 Bf5 17. Bxf5 Rxf5 18. Rf3 Bd6 19. Ne2 Re8 20. Qg4 Qf6 21.
Rb3 Bxf4 22. Nxf4 Rxf4 23. Qd7 Rfe4 24. Rf1 Qd4+ 25. Kh1 R4e7 1-0